| 000 | 00554nam a22001937a 4500 | ||
|---|---|---|---|
| 999 |
_c141103 _d141103 |
||
| 005 | 20181205153645.0 | ||
| 010 | _aENG-118632 | ||
| 020 |
_a9788130930251 _c225.00 |
||
| 035 | _aEN-102164 | ||
| 037 | _bDBAD/PUB | ||
| 082 | _a152.4 | ||
| 100 | _aSingh,Just Win | ||
| 245 |
_aHappiness : _bhere and everywhere / _cby Just Win Singh |
||
| 260 |
_aNew Delhi _bViva books _c2015 |
||
| 270 | _a4737/23, Ansari Road, Daryaganj,New Delhi-110002 | ||
| 300 |
_a143p _c22cm(pbk) |
||
| 500 | _aIncludes index | ||
| 942 |
_2ddc _cEN _h152.4 _mSIN |
||